{"text_format":"3","workbook":"xlsx","n_sheets":1,"sheets":["Sheet1 (2)"],"read":"whole","date_system":"1900"}

{"sheet":"Sheet1 (2)","index":0,"n_rows":415,"n_cols":16,"rows_kept":415,"merged":[[0,0,0,15],[1,0,1,6],[1,12,1,15],[414,0,414,2],[414,6,414,9]]}
["生产经营物资需求计划明细表"]
["   填报单位：靖远煤业集团刘化化工有限公司",{"$nulls":11},"2025-12-15"]
["序号","物料编码","物料名称","规格型号","主机型号","图号","技术参数","计量\n单位","数量","计划\n单价","计划金额","预算\n单价","预算金额","需求单位","需求时间","备注"]
[214,null,"中水单元保安过滤器滤芯","40\"，5μm，PP大流量折叠滤芯，外压式",{"$nulls":3},"支",32,null,null,{"v":165,"d":"165.00"},{"$f":"L4*I4","v":{"v":5280,"d":"5280.00"}},null,2026.01]
[215,null,"零排单元保安过滤器滤芯","40\"，5μm，PP大流量折叠滤芯，内压式",{"$nulls":3},"支",30,null,null,{"v":165,"d":"165.00"},{"v":4950,"d":"4950.00"},null,2026.01]
[216,null,"一级保安过滤器滤芯","∅150-1020-5us、加强型",{"$nulls":3},"支",96,null,null,{"v":165,"d":"165.00"},{"v":15840,"d":"15840.00"},null,2026.01]
[217,null,"二级保安过滤器滤芯","∅150-1020-5us、加强型",{"$nulls":3},"支",20,null,null,{"v":165,"d":"165.00"},{"v":3300,"d":"3300.00"},null,2026.01]
[218,null,"微孔过滤器滤芯","∅150-1020-5us、加强型",{"$nulls":3},"支",24,null,null,{"v":165,"d":"165.00"},{"v":3960,"d":"3960.00"},null,2026.01]
[219,null,"不锈钢挂片","Ι型",{"$nulls":3},"片",20,null,null,{"v":20,"d":"20.00"},{"v":400,"d":"400.00"},null,2026.01]
[220,null,"铁丝","8#",{"$nulls":3},"公斤",20,null,null,{"v":8.5,"d":"8.50"},{"v":170,"d":"170.00"},null,2026.01]
[221,null,"硅表试剂组","190-B0-011",{"$nulls":3},"组",1,null,null,{"v":9000,"d":"9000.00"},{"v":9000,"d":"9000.00"},null,2026.01]
[222,null,"1056硅标准溶液（10ug/ml）","190-B0-021-01（每瓶60ml）",{"$nulls":3},"瓶",1,null,null,{"v":8500,"d":"8500.00"},{"v":8500,"d":"8500.00"},null,2026.01]
[223,null,"超高分子量聚乙烯绳",{"$nulls":4},"米",100,null,null,{"v":8.5,"d":"8.50"},{"v":850,"d":"850.00"},null,2026.01]
[224,null,"抽水带","DN100 耐压加厚（带消防接头）",{"$nulls":3},"米",200,null,null,{"v":16,"d":"16.00"},{"v":3200,"d":"3200.00"},null,2026.01]
[225,null,"抽水带","10-65-25 耐压加厚（带消防接头）",{"$nulls":3},"米",150,null,null,{"v":16,"d":"16.00"},{"v":2400,"d":"2400.00"},null,2026.01]
[226,null,"德力西美工刀","重型两用伸缩刀",{"$nulls":3},"个",2,null,null,{"v":25,"d":"25.00"},{"v":50,"d":"50.00"},null,2026.01]
[227,null,"柱塞泵","聚光科技 SIA-3000(cod)",{"$nulls":3},"台",2,null,null,{"v":5000,"d":"5000.00"},{"v":10000,"d":"10000.00"},null,2026.01]
[228,null,"臭氧发生器进气滤芯","YUKA（AA）007",{"$nulls":3},"只 ",2,null,null,{"v":1000,"d":"1000.00"},{"v":2000,"d":"2000.00"},null,2026.01]
[229,null,"2分直通接头","2分外牙（12.5mm）转2分管（6.5mm）快速直通接头，含O型圈，塑料",{"$nulls":3},"个",100,null,null,{"v":10,"d":"10.00"},{"v":1000,"d":"1000.00"},null,2026.01]
[230,null,"PU高透明软管","PU高透明软管 6*4mm",{"$nulls":3},"米",100,null,null,{"v":8.5,"d":"8.50"},{"v":850,"d":"850.00"},null,2026.01]
[231,null,"快插接头","PC8-02  接气管外径8mm，螺纹2分（1/4）",{"$nulls":3},"个",30,null,null,{"v":5,"d":"5.00"},{"v":150,"d":"150.00"},null,2026.01]
[232,null,"快插接头","PC8-04  接气管外径8mm，螺纹4分（1/2）",{"$nulls":3},"个",30,null,null,{"v":5,"d":"5.00"},{"v":150,"d":"150.00"},null,2026.01]
[233,null,"塑料量筒","500mL",{"$nulls":3},"个",4,null,null,{"v":25,"d":"25.00"},{"v":100,"d":"100.00"},null,2026.01]
[234,null,"气管快速接头","4分外丝*12mm气管",{"$nulls":3},"个",20,null,null,{"v":5,"d":"5.00"},{"v":100,"d":"100.00"},null,2026.01]
[235,null,"透明高压软管","12mm*8mm、耐压10kg/cm2",{"$nulls":3},"米",20,null,null,{"v":13.5,"d":"13.50"},{"v":270,"d":"270.00"},null,2026.01]
[236,null,"钢丝透明软管","DN25",{"$nulls":3},"米",50,null,null,{"v":8.5,"d":"8.50"},{"v":425,"d":"425.00"},null,2026.01]
[237,null,"滤网","规格型号：RSR200H \n设备编号：NO.72302296A",{"$nulls":3},"个",3,null,null,{"v":1000,"d":"1000.00"},{"v":3000,"d":"3000.00"},null,2026.01]
[238,null,"镀锌铁丝","10号镀锌铁丝",{"$nulls":3},"公斤",300,null,null,{"v":8.5,"d":"8.50"},{"v":2550,"d":"2550.00"},null,2026.01]
[239,null,"PH试纸","每本80条，测量精度1-14",{"$nulls":3},"盒",1,null,null,{"v":75,"d":"75.00"},{"v":75,"d":"75.00"},null,2026.01]
[240,null,"棘轮扳手套组","成套棘轮扳手套组，内含如下：\n套筒：17、19、24、27mm\n多向接头、加长杆",{"$nulls":3},"套",1,null,null,{"v":650,"d":"650.00"},{"v":650,"d":"650.00"},null,2026.01]
[241,null,"老虎钳","200mm",{"$nulls":3},"把",2,null,null,{"v":75,"d":"75.00"},{"v":150,"d":"150.00"},null,2026.01]
[242,null,"电子磅秤","100kg；可90°折叠，",{"$nulls":3},"台",1,null,null,{"v":650,"d":"650.00"},{"v":650,"d":"650.00"},null,2026.01]
[243,null,"全不锈钢耐震\n弹簧压力表","表盘大小：Φ100mm；                                                                                                                                              测量范围：0～40MPa；                                精度等级：1.6；\n连接形式：螺纹连接（M20×1.5）",{"$nulls":3},"块",1,null,null,{"v":240,"d":"240.00"},{"v":240,"d":"240.00"},null,2026.01]
[244,null,"擦机布",{"$nulls":4},"公斤",50,null,null,{"v":13.5,"d":"13.50"},{"v":675,"d":"675.00"},null,2026.01]
[245,null,"老虎钳","SATA 70303A 8寸",{"$nulls":3},"把",2,null,null,{"v":65,"d":"65.00"},{"v":130,"d":"130.00"},null,2026.01]
[246,null,"螺丝刀","一字头、十字头、各1把、总长度200mm",{"$nulls":3},"把",2,null,null,{"v":27.3,"d":"27.30"},{"v":54.6,"d":"54.60"},null,2026.01]
[247,null,"筛网1100×900mm","每套12件，筛孔1.2*1.2mm，密封材质发泡条",{"$nulls":3},"套",1,null,null,{"v":22000,"d":"22000.00"},{"v":22000,"d":"22000.00"},null,2026.01]
[248,null,"机油壶","250mL",{"$nulls":3},"个",2,null,null,{"v":220,"d":"220.00"},{"v":440,"d":"440.00"},null,2026.01]
[249,null,"安瓿球","双丝（薄一些）",{"$nulls":3},"个",2000,null,null,{"v":2.2,"d":"2.20"},{"v":4400,"d":"4400.00"},null,2026.01]
[250,null,"三乙醇胺","AR500ml",{"$nulls":3},"瓶",5,null,null,{"v":100,"d":"100.00"},{"v":500,"d":"500.00"},null,2026.01]
[251,null,"偏钒酸钠","AR25g",{"$nulls":3},"瓶",10,null,null,{"v":100,"d":"100.00"},{"v":1000,"d":"1000.00"},null,2026.01]
[252,null,"微型蠕动泵","货号511.1005.155    AKF-V6",{"$nulls":3},"个",4,null,null,{"v":460,"d":"460.00"},{"v":1840,"d":"1840.00"},null,2026.01]
[253,null,"减速电机泵头","货号514.4014.156   AKF-V6",{"$nulls":3},"个",4,null,null,{"v":200,"d":"200.00"},{"v":800,"d":"800.00"},null,2026.01]
[254,null,"智能风阀",{"$nulls":4},"个",1,null,null,{"v":200,"d":"200.00"},{"v":200,"d":"200.00"},null,2026.01]
[255,null,"三联水龙头",{"$nulls":4},"个",3,null,null,{"v":350,"d":"350.00"},{"v":1050,"d":"1050.00"},null,2026.01]
[256,null,"万用表方块电池","南孚  6F22 9V",{"$nulls":3},"块",5,null,null,{"v":16,"d":"16.00"},{"v":80,"d":"80.00"},null,2026.01]
[257,null,"山泽多功能电话线\n网线测线寻线仪","SZ-D368,耐压100V防烧，Type-C锂电直充，多功能\n（寻线/对线/测线）",{"$nulls":3},"套",1,null,null,{"v":400,"d":"400.00"},{"$f":"L47*I47","v":{"v":400,"d":"400.00"}},null,2026.01]
[258,null,"防爆摄像头（筒机）","海康威视  DS-2XE6240F-XYZ    防爆 IP68级防护",{"$nulls":3},"台",2,null,null,{"v":4500,"d":"4500.00"},{"v":9000,"d":"9000.00"},null,2026.01]
[259,null,"点对点无线投屏器","绿联 CM625 15349  适用于投影仪",{"$nulls":3},"套",1,null,null,{"v":1200,"d":"1200.00"},{"v":1200,"d":"1200.00"},null,2026.01]
[260,null,"会议摄像头","海康V108  800万像素 4K高清、需要三脚架",{"$nulls":3},"套",1,null,null,{"v":3600,"d":"3600.00"},{"v":3600,"d":"3600.00"},null,2026.01]
[261,null,"领夹麦克风","大疆DJI Mic Mini 全能版、必须兼容电脑、手机、相机",{"$nulls":3},"套",1,null,null,{"v":300,"d":"300.00"},{"v":300,"d":"300.00"},null,2026.01]
[262,null,"会议全向麦克风","海康 VS3",{"$nulls":3},"套",1,null,null,{"v":1800,"d":"1800.00"},{"v":1800,"d":"1800.00"},null,2026.01]
[263,null,"激光笔","绿光 、大功率、可以在LED屏幕拼接屏上显示",{"$nulls":3},"只",10,null,null,{"v":100,"d":"100.00"},{"v":1000,"d":"1000.00"},null,2026.01]
[264,null,"章鼓合成润滑油","章鼓 ZG-80罗茨风机专用油、3kg/桶",{"$nulls":3},"桶",4,null,null,{"v":700,"d":"700.00"},{"v":2800,"d":"2800.00"},null,2026.01]
[265,null,"46#液压油","46#抗磨液压油 170kg/桶",{"$nulls":3},"桶",1,null,null,{"v":2850,"d":"2850.00"},{"v":2850,"d":"2850.00"},null,2026.01]
[266,null,"0-W40合成油","美孚0W40全合成润滑油、3.5kg/桶",{"$nulls":3},"桶",4,null,null,{"v":400,"d":"400.00"},{"v":1600,"d":"1600.00"},null,2026.01]
[267,null,"通用锂基润滑脂","00号（GP-A）、15Kg/桶",{"$nulls":3},"桶",10,null,null,{"v":390,"d":"390.00"},{"v":3900,"d":"3900.00"},null,2026.01]
[268,null,"抗磨液压油","68#、170Kg/桶",{"$nulls":3},"桶",1,null,null,{"v":2900,"d":"2900.00"},{"v":2900,"d":"2900.00"},null,2026.01]
[269,null,"中负荷工业齿轮油","CKC-N220、16Kg/桶",{"$nulls":3},"桶",2,null,null,{"v":255,"d":"255.00"},{"v":510,"d":"510.00"},null,2026.01]
[270,null,"高温二硫化钼润滑脂","2#、10Kg/桶",{"$nulls":3},"桶",2,null,null,{"v":450,"d":"450.00"},{"v":900,"d":"900.00"},null,2026.01]
[271,null,"钙基润滑脂","昆仑牌3号、15kg/桶",{"$nulls":3},"桶",1,null,null,{"v":600,"d":"600.00"},{"v":600,"d":"600.00"},null,2026.01]
[272,null,"机械密封","HPA50--3315",{"$nulls":3},"套",2,null,null,{"v":7500,"d":"7500.00"},{"v":15000,"d":"15000.00"},null,2026.01]
[273,null,"闸阀","Z41W-25P    DN80",{"$nulls":3},"只",1,null,null,{"v":2400,"d":"2400.00"},{"v":2400,"d":"2400.00"},null,2026.01]
[274,null,"Y型保温截止阀","BJ4516PL   DN80/DN100",{"$nulls":3},"只",1,null,null,{"v":5800,"d":"5800.00"},{"v":5800,"d":"5800.00"},null,2026.01]
[275,null,"截止阀","J41W-16P  DN65  PN1.6",{"$nulls":3},"只",2,null,null,{"v":1700,"d":"1700.00"},{"v":3400,"d":"3400.00"},null,2026.01]
[276,null,"90°弯头","DN80",{"$nulls":3},"只",6,null,null,{"v":106,"d":"106.00"},{"v":636,"d":"636.00"},null,2026.01]
[277,null,"双头螺栓","M12X70",{"$nulls":3},"套",160,null,null,{"v":3.2,"d":"3.20"},{"v":512,"d":"512.00"},null,2026.01]
[278,null,"四氟膨胀条","Φ5",{"$nulls":3},"kg",30,null,null,{"v":180,"d":"180.00"},{"v":5400,"d":"5400.00"},null,2026.01]
[279,null,"轴承",7310,{"$nulls":3},"盘",6,null,null,{"v":1260,"d":"1260.00"},{"v":7560,"d":"7560.00"},null,2026.01]
[280,null,"轴承","NU310",{"$nulls":3},"盘",6,null,null,{"v":1400,"d":"1400.00"},{"v":8400,"d":"8400.00"},null,2026.01]
[281,null,"托辊","Φ57×900×990",{"$nulls":3},"只",29,null,null,{"v":750,"d":"750.00"},{"v":21750,"d":"21750.00"},null,2026.01]
[282,null,"三角皮带","B1550",{"$nulls":3},"条",4,null,null,{"v":550,"d":"550.00"},{"v":2200,"d":"2200.00"},null,2026.01]
[283,null,"焊条","TIG-C4   2.5",{"$nulls":3},"kg",30,null,null,{"v":55,"d":"55.00"},{"v":1650,"d":"1650.00"},null,2026.01]
[284,null,"集装机封(驱动端)","泵型号：MA450-100×7D位号：220-P-1104A/B,\n厂家：大连利欧华能泵业",{"$nulls":3},"套",1,null,null,{"v":24540,"d":"24540.00"},{"v":24540,"d":"24540.00"},null,2026.01]
[285,null,"集装机封（非驱动端）","泵型号：MA450-100×7D位号：220-P-1104A/B,\n厂家：大连利欧华能泵业",{"$nulls":3},"套",1,null,null,{"v":24540,"d":"24540.00"},{"v":24540,"d":"24540.00"},null,2026.01]
[286,null,"轴瓦","泵型号：MA450-100×7D位号：220-P-1104A/B,\n厂家：大连利欧华能泵业",{"$nulls":3},"套",1,null,null,{"v":16800,"d":"16800.00"},{"v":16800,"d":"16800.00"},null,2026.01]
[287,null,"滤芯","型号：STZX2-BH-25×20,\n厂家：新乡市海特滤器有限公司",{"$nulls":3},"件",2,null,null,{"v":1000,"d":"1000.00"},{"v":2000,"d":"2000.00"},null,2026.01]
[288,null,"滤芯","型号：TZX2-63×30W,\n厂家：新乡市海特滤器有限公司",{"$nulls":3},"件",2,null,null,{"v":1000,"d":"1000.00"},{"v":2000,"d":"2000.00"},null,2026.01]
[289,null,"下调心托辊D=89","输送机型号：DTⅡ（A）型带式输送机  带宽800\n厂家：安徽永生机械股份有限公司\n图号：DTⅡ（A）80C361M",{"$nulls":3},"件",20,null,null,{"v":320,"d":"320.00"},{"v":6400,"d":"6400.00"},null,2026.01]
[290,null,"平行下托辊D=89","输送机型号：DTⅡ（A）型带式输送机  带宽800\n厂家：安徽永生机械股份有限公司\n图号：DTⅡ（A）80C360",{"$nulls":3},"件",40,null,null,{"v":190,"d":"190.00"},{"v":7600,"d":"7600.00"},null,2026.01]
[291,null,"填料","液压隔膜计量泵型号：LJMZL1200/1.0\n流量：1200L/H  压力：10Bar  功率：1.5 kW\n位号：180-P-1009A  生产日期：2022-11-25\n厂家：杭州莱纳斯工业设备有限公司\n序号：62  代号：LJZ01-033    名称：填料",{"$nulls":3},"套",3,null,null,{"v":980,"d":"980.00"},{"v":2940,"d":"2940.00"},null,2026.01]
[292,null,"0型圈","液压隔膜计量泵型号：LJMZL1200/1.0\n流量：1200L/H  压力：10Bar  功率：1.5 kW\n位号：180-P-1009A  生产日期：2022-11-25\n厂家：杭州莱纳斯工业设备有限公司\n序号：55   代号：GB    名称：0型圈",{"$nulls":3},"件",10,null,null,{"v":56,"d":"56.00"},{"v":560,"d":"560.00"},null,2026.01]
[293,null,"轴承",32208,{"$nulls":3},"件",4,null,null,{"v":350,"d":"350.00"},{"v":1400,"d":"1400.00"},null,2026.01]
[294,null,"轴承",51217,{"$nulls":3},"件",2,null,null,{"v":1550,"d":"1550.00"},{"v":3100,"d":"3100.00"},null,2026.01]
[295,null,"轴承",6016,{"$nulls":3},"件",4,null,null,{"v":420,"d":"420.00"},{"v":1680,"d":"1680.00"},null,2026.01]
[296,null,"补油阀","液压隔膜计量泵型号：LJMZL1200/1.0\n流量：1200L/H  压力：10Bar  功率：1.5 kW\n位号：180-P-1009A  生产日期：2022-11-25\n厂家：杭州莱纳斯工业设备有限公司\n序号：64      名称：补油阀",{"$nulls":3},"只",2,null,null,{"v":1000,"d":"1000.00"},{"v":2000,"d":"2000.00"},null,2026.01]
[297,null,"弯头","6″150LB  90度",{"$nulls":3},"件",2,null,null,{"v":130,"d":"130.00"},{"v":260,"d":"260.00"},null,2026.01]
[298,null,"弯头","6″150LB  45度",{"$nulls":3},"件",2,null,null,{"v":100,"d":"100.00"},{"v":200,"d":"200.00"},null,2026.01]
[299,null,"弯头","5″150LB  90度",{"$nulls":3},"件",4,null,null,{"v":106,"d":"106.00"},{"v":424,"d":"424.00"},null,2026.01]
[300,null,"等径三通","5″150LB  90度",{"$nulls":3},"件",4,null,null,{"v":190,"d":"190.00"},{"v":760,"d":"760.00"},null,2026.01]
[301,null,"金属软管","DN200×1350，一边为固定法兰，另一边为活套法兰\n螺孔Φ18， 8孔，眼心距280",{"$nulls":3},"根",2,null,null,{"v":5800,"d":"5800.00"},{"v":11600,"d":"11600.00"},null,2026.01]
[302,null,"固定筛板T型螺栓","T20   厂家：青岛正大正电力环保设备有限公司\n振动脱水筛型号：180-X-1001",{"$nulls":3},"条",40,null,null,{"v":170,"d":"170.00"},{"v":6800,"d":"6800.00"},null,2026.01]
[303,null,"机械密封","型号：CSB-WY4-55/12  位号：170-P-1004B\n厂家：北京航天石化技术装备工程公司",{"$nulls":3},"套",2,null,null,{"v":10000,"d":"10000.00"},{"v":20000,"d":"20000.00"},null,2026.01]
[304,null,"金属软管","DN65PN16-304L=1200",{"$nulls":3},"根",3,null,null,{"v":1800,"d":"1800.00"},{"v":5400,"d":"5400.00"},null,2026.01]
[305,null,"法兰","DN40-150LB温度≤425℃",{"$nulls":3},"件",4,null,null,{"v":65,"d":"65.00"},{"v":260,"d":"260.00"},null,2026.01]
[306,null,"球阀","Q11T-DN20PN1.6",{"$nulls":3},"只",20,null,null,{"v":360,"d":"360.00"},{"v":7200,"d":"7200.00"},null,2026.01]
[307,null,"滤芯","型号：SBL-150LBC压力CL150通经80温度≤80℃\n厂家：浙江瑞通阀门厂",{"$nulls":3},"件",2,null,null,{"v":600,"d":"600.00"},{"v":1200,"d":"1200.00"},null,2026.01]
[308,null,"缠绕垫","Ø95×Ø113×4.5",{"$nulls":3},"件",10,null,null,{"v":26,"d":"26.00"},{"v":260,"d":"260.00"},null,2026.01]
[309,null,"缠绕垫","DN25-150LB",{"$nulls":3},"件",10,null,null,{"v":10,"d":"10.00"},{"v":100,"d":"100.00"},null,2026.01]
[310,null,"闸阀","DN25-150LB",{"$nulls":3},"只",4,null,null,{"v":390,"d":"390.00"},{"v":1560,"d":"1560.00"},null,2026.01]
[311,null,"疏水器阀盖垫","AIB5412F-DN20CL150江苏艾肯工业技术有限公司",{"$nulls":3},"件",10,null,null,{"v":340,"d":"340.00"},{"v":3400,"d":"3400.00"},null,2026.01]
[312,null,"疏水器阀盖垫","AIB5413F-DN20CL150江苏艾肯工业技术有限公司",{"$nulls":3},"件",10,null,null,{"v":340,"d":"340.00"},{"v":3400,"d":"3400.00"},null,2026.01]
[313,null,"疏水器阀盖垫","AIB5410F-DN20CL150江苏艾肯工业技术有限公司",{"$nulls":3},"件",10,null,null,{"v":340,"d":"340.00"},{"v":3400,"d":"3400.00"},null,2026.01]
[314,null,"缠绕垫","DN40-150LB",{"$nulls":3},"件",40,null,null,{"v":15,"d":"15.00"},{"v":600,"d":"600.00"},null,2026.01]
[315,null,"缠绕垫","DN40-300LB",{"$nulls":3},"件",40,null,null,{"v":20,"d":"20.00"},{"v":800,"d":"800.00"},null,2026.01]
[316,null,"缠绕垫","DN40-600LB",{"$nulls":3},"件",20,null,null,{"v":40,"d":"40.00"},{"v":800,"d":"800.00"},null,2026.01]
[317,null,"机油过滤器滤芯","型号：31305-1143CC，RC2-410~620\n厂家：上海钟精机股份有限公司",{"$nulls":3},"件",1,null,null,{"v":750,"d":"750.00"},{"v":750,"d":"750.00"},null,2026.01]
[318,null,"机封","H7N-60Mafs ROC4 50/08-2.3-100\n沃图水泵（上海）有限公司",{"$nulls":3},"件",1,null,null,{"v":9282,"d":"9282.00"},{"v":9282,"d":"9282.00"},null,2026.01]
[319,null,"密封环+O型圈","Mafs ROC4 50/08-2.3-100配套\n沃图水泵（上海）有限公司",{"$nulls":3},"件",1,null,null,{"v":50694,"d":"50694.00"},{"v":50694,"d":"50694.00"},null,2026.01]
[320,null,"联轴器膜片","Mafs ROC4 50/08-2.3-100配套\n沃图水泵（上海）有限公司",{"$nulls":3},"件",1,null,null,{"v":1142,"d":"1142.00"},{"v":1142,"d":"1142.00"},null,2026.01]
[321,null,"机封","Womi NRC4 3207/2 KLLC-22\n沃图水泵（上海）有限公司",{"$nulls":3},"件",1,null,null,{"v":2000,"d":"2000.00"},{"$f":"L111*I111","v":{"v":2000,"d":"2000.00"}},null,2026.01]
[322,null,"联轴器膜片","Womi NRC4 3207/2\n配套沃图水泵（上海）有限公司",{"$nulls":3},"件",1,null,null,{"v":1428,"d":"1428.00"},{"$f":"L112*I112","v":{"v":1428,"d":"1428.00"}},null,2026.01]
[323,null,"机械密封","ZF40-3400苏尔寿",{"$nulls":3},"件",1,null,null,{"v":17400,"d":"17400.00"},{"$f":"L113*I113","v":{"v":17400,"d":"17400.00"}},null,2026.01]
[324,null,"泵轴","ZF40-3400苏尔寿",{"$nulls":3},"件",1,null,null,{"v":21600,"d":"21600.00"},{"$f":"L114*I114","v":{"v":21600,"d":"21600.00"}},null,2026.01]
[325,null,"叶轮","ZF40-3400苏尔寿",{"$nulls":3},"件",1,null,null,{"v":42000,"d":"42000.00"},{"$f":"L115*I115","v":{"v":42000,"d":"42000.00"}},null,2026.01]
[326,null,"机械密封","ZE40-2315苏尔寿",{"$nulls":3},"件",1,null,null,{"v":12600,"d":"12600.00"},{"$f":"L116*I116","v":{"v":12600,"d":"12600.00"}},null,2026.01]
[327,null,"泵轴","ZE40-2315苏尔寿",{"$nulls":3},"件",1,null,null,{"v":18000,"d":"18000.00"},{"$f":"L117*I117","v":{"v":18000,"d":"18000.00"}},null,2026.01]
[328,null,"叶轮","ZE40-2315苏尔寿",{"$nulls":3},"件",1,null,null,{"v":38400,"d":"38400.00"},{"$f":"L118*I118","v":{"v":38400,"d":"38400.00"}},null,2026.01]
[329,null,"机械密封","MBN40-180/12苏尔寿",{"$nulls":3},"件",1,null,null,{"v":33600,"d":"33600.00"},{"$f":"L119*I119","v":{"v":33600,"d":"33600.00"}},null,2026.01]
[330,null,"泵轴","MBN40-180/12苏尔寿",{"$nulls":3},"件",1,null,null,{"v":26400,"d":"26400.00"},{"$f":"L120*I120","v":{"v":26400,"d":"26400.00"}},null,2026.01]
[331,null,"叶轮","MBN40-180/12苏尔寿",{"$nulls":3},"件",1,null,null,{"v":54000,"d":"54000.00"},{"$f":"L121*I121","v":{"v":54000,"d":"54000.00"}},null,2026.01]
[332,null,"机械密封","ZH150-125-315，泵厂家：三联泵业",{"$nulls":3},"套",2,null,null,{"v":3000,"d":"3000.00"},{"$f":"L122*I122","v":{"v":6000,"d":"6000.00"}},null,2026.01]
[333,null,"机械密封","ASP2090-50-200(I)，泵厂家：三联泵业",{"$nulls":3},"套",2,null,null,{"v":3000,"d":"3000.00"},{"$f":"L123*I123","v":{"v":6000,"d":"6000.00"}},null,2026.01]
[334,null,"机械密封","AZ40-25-160/IJ40-25-160杭州碱泵",{"$nulls":3},"套",2,null,null,{"v":5500,"d":"5500.00"},{"$f":"L124*I124","v":{"v":11000,"d":"11000.00"}},null,2026.01]
[335,null,"机械密封","IJ50-32-200/IJ40-25-280杭州碱泵",{"$nulls":3},"套",2,null,null,{"v":5500,"d":"5500.00"},{"$f":"L125*I125","v":{"v":11000,"d":"11000.00"}},null,2026.01]
[336,null,"机械密封","IJ100-80-160杭州碱泵",{"$nulls":3},"套",2,null,null,{"v":9500,"d":"9500.00"},{"$f":"L126*I126","v":{"v":19000,"d":"19000.00"}},null,2026.01]
[337,null,"机械密封","AZ100-65-315杭州碱泵",{"$nulls":3},"套",2,null,null,{"v":9500,"d":"9500.00"},{"$f":"L127*I127","v":{"v":19000,"d":"19000.00"}},null,2026.01]
[338,null,"机械密封","150ZXL120-45-30，泵厂家：上海泉顿泵阀有限公司",{"$nulls":3},"套",2,null,null,{"v":600,"d":"600.00"},{"$f":"L128*I128","v":{"v":1200,"d":"1200.00"}},null,2026.01]
[339,null,"机械密封","150ZXL140-45-45，泵厂家：上海泉顿泵阀有限公司",{"$nulls":3},"套",2,null,null,{"v":600,"d":"600.00"},{"$f":"L129*I129","v":{"v":1200,"d":"1200.00"}},null,2026.01]
[340,null,"轴承","SKF 22308CC/W33",{"$nulls":3},"件",2,null,null,{"v":800,"d":"800.00"},{"$f":"L130*I130","v":{"v":1600,"d":"1600.00"}},null,2026.01]
[341,null,"轴承","SKF 22310CC/W33",{"$nulls":3},"件",2,null,null,{"v":800,"d":"800.00"},{"$f":"L131*I131","v":{"v":1600,"d":"1600.00"}},null,2026.01]
[342,null,"配对轴承","SKF 7310B/DB ",{"$nulls":3},"件",2,null,null,{"v":1300,"d":"1300.00"},{"$f":"L132*I132","v":{"v":2600,"d":"2600.00"}},null,2026.01]
[343,null,"配对轴承","SKF 7308BECBP",{"$nulls":3},"件",2,null,null,{"v":420,"d":"420.00"},{"$f":"L133*I133","v":{"v":840,"d":"840.00"}},null,2026.01]
[344,null,"配对轴承","SKF 7311BECBP",{"$nulls":3},"件",2,null,null,{"v":920,"d":"920.00"},{"$f":"L134*I134","v":{"v":1840,"d":"1840.00"}},null,2026.01]
[345,null,"配对轴承","SKF 7312BECBP",{"$nulls":3},"件",2,null,null,{"v":1000,"d":"1000.00"},{"$f":"L135*I135","v":{"v":2000,"d":"2000.00"}},null,2026.01]
[346,null,"配对轴承","SKF  7306BECBP",{"$nulls":3},"件",2,null,null,{"v":300,"d":"300.00"},{"$f":"L136*I136","v":{"v":600,"d":"600.00"}},null,2026.01]
[347,null,"#3 隔膜组件 PVC","MBO180PR/MB0250PR，西安诺达机械设备有限公司",{"$nulls":3},"件",4,null,null,{"v":9500,"d":"9500.00"},{"$f":"L137*I137","v":{"v":38000,"d":"38000.00"}},null,2026.01]
[348,null,"绝缘漆","1032-1   16kg/桶",{"$nulls":3},"桶",1,null,null,{"v":2100,"d":"2100.00"},{"$f":"L138*I138","v":{"v":2100,"d":"2100.00"}},null,2026.01]
[{"$nulls":3},"合计金额：",{"$nulls":8},{"v":850000,"d":"850000.00"}]
[349,null,"ABB变频器","型号：ACS510-01-157A-4  电压：三相380V-480V \n输入频率：50～60HZ  额定电流：157A  功率：75KW",{"$nulls":3},"台",1,null,null,{"v":15500,"d":"15500.00"},{"$f":"L140*I140","v":{"v":15500,"d":"15500.00"}},null,2026.01]
[350,null,"多孔插座","蓝白八位40孔无线",{"$nulls":3},"只",4,null,null,{"v":95,"d":"95.00"},{"v":380,"d":"380.00"},null,2026.01]
[351,null,"轴承","RN206M",{"$nulls":3},"盘",2,null,null,{"v":50,"d":"50.00"},{"v":100,"d":"100.00"},null,2026.01]
[352,null,"时间继电器","CHNT JSZ3R Ith：5A  Us：AC220V ",{"$nulls":3},"个",2,null,null,{"v":110,"d":"110.00"},{"v":220,"d":"220.00"},null,2026.01]
[353,null,"时间继电器","CHNT JSZ3C-C Ith：5A  Us：AC220V ",{"$nulls":3},"个",2,null,null,{"v":110,"d":"110.00"},{"v":220,"d":"220.00"},null,2026.01]
[354,null,"轴流风机","SF-2.2kW，固定式，380V",{"$nulls":3},"台",2,null,null,{"v":950,"d":"950.00"},{"v":1900,"d":"1900.00"},null,2026.01]
[355,null,"轴流风机","SF-2.2kW，岗位式，380V",{"$nulls":3},"台",2,null,null,{"v":950,"d":"950.00"},{"v":1900,"d":"1900.00"},null,2026.01]
[356,null,"轴流风机","SF-750W，固定式，380V",{"$nulls":3},"台",2,null,null,{"v":950,"d":"950.00"},{"v":1900,"d":"1900.00"},null,2026.01]
[357,null,"轴流风机","SF-750W，岗位式，380V",{"$nulls":3},"台",2,null,null,{"v":950,"d":"950.00"},{"v":1900,"d":"1900.00"},null,2026.01]
[358,null,"高温电工白布带","宽20mm",{"$nulls":3},"卷",20,null,null,{"v":22,"d":"22.00"},{"v":440,"d":"440.00"},null,2026.01]
[359,null,"风机","G112A",{"$nulls":3},"台",1,null,null,{"v":380,"d":"380.00"},{"v":380,"d":"380.00"},null,2026.01]
[360,null,"风机","G-180A",{"$nulls":3},"台",2,null,null,{"v":620,"d":"620.00"},{"v":1240,"d":"1240.00"},null,2026.01]
[361,null,"电池","SUNJ ER26500H 3.6V",{"$nulls":3},"节",10,null,null,{"v":110,"d":"110.00"},{"v":1100,"d":"1100.00"},null,2026.01]
[362,null,"温度探头","WZPM-201,-50~200℃,M8*0.75 6*18 L=5000mm",{"$nulls":3},"支",2,null,null,{"v":690,"d":"690.00"},{"v":1380,"d":"1380.00"},null,2026.01]
[363,null,"PH计"," KROHNE PH8390 ",{"$nulls":3},"支",1,null,null,{"v":14500,"d":"14500.00"},{"v":14500,"d":"14500.00"},null,2026.01]
[364,null,"静电除尘出料阀阀板","公称通径：DN125,\n生产厂家：常州市科建电力设备有限公司",{"$nulls":3},"套",2,null,null,{"v":4200,"d":"4200.00"},{"v":8400,"d":"8400.00"},null,2026.01]
[365,null,"承插焊接取压截止阀","PN100、DN6，介质温度：525℃",{"$nulls":3},"只",10,null,null,{"v":480,"d":"480.00"},{"v":4800,"d":"4800.00"},null,2026.01]
[366,null,"自动排液器","型号：JK20,生产厂家：川仪",{"$nulls":3},"个",1,null,null,{"v":2400,"d":"2400.00"},{"v":2400,"d":"2400.00"},null,2026.01]
[367,null," 冷凝器","型号：H-LNQ-JY,生产厂家：川仪",{"$nulls":3},"个",1,null,null,{"v":5200,"d":"5200.00"},{"v":5200,"d":"5200.00"},null,2026.01]
[368,null,"气源处理器","型号：H-F1,生产厂家：川仪",{"$nulls":3},"个",1,null,null,{"v":11000,"d":"11000.00"},{"v":11000,"d":"11000.00"},null,2026.01]
[369,null,"电动执行机构","型号：F-2SA3021-1GA00-1000-ZJ2A+Y01+HART,转矩/推力：150/48Nm,转速：28r/min,电源：380V,50Hz,电机功率：0.37KW,生产厂家：扬州电力设备修造厂",{"$nulls":3},"台",1,null,null,{"v":17500,"d":"17500.00"},{"v":17500,"d":"17500.00"},null,2026.01]
[370,null,"双法兰差压变送器","EJA118E-JMSCG-917EA-WA43C1SW00-AA28/NS21/Z；\n0-51.99KPa",{"$nulls":3},"台",1,null,null,{"v":21000,"d":"21000.00"},{"v":21000,"d":"21000.00"},null,2026.01]
[371,null,"双头螺栓","M12*70,配螺母两个",{"$nulls":3},"套",32,null,null,{"v":12,"d":"12.00"},{"v":384,"d":"384.00"},null,2026.01]
[372,null,"金属缠绕垫","DN15PN25；介质：氧气",{"$nulls":3},"片",10,null,null,{"v":25,"d":"25.00"},{"v":250,"d":"250.00"},null,2026.01]
[373,null,"三阀组","M364F-160P",{"$nulls":3},"个",10,null,null,{"v":2900,"d":"2900.00"},{"v":29000,"d":"29000.00"},null,2026.01]
[374,null,"无缝不锈钢管","Φ14*3",{"$nulls":3},"米",60,null,null,{"v":28,"d":"28.00"},{"v":1680,"d":"1680.00"},null,2026.01]
[375,null,"无缝不锈钢管","Φ8*1",{"$nulls":3},"米",60,null,null,{"v":20,"d":"20.00"},{"v":1200,"d":"1200.00"},null,2026.01]
[376,null,"不锈钢气源球阀","G1/4-φ8",{"$nulls":3},"个",10,null,null,{"v":4200,"d":"4200.00"},{"v":42000,"d":"42000.00"},null,2026.01]
[377,null,"急停按钮防护罩","45*30，孔径φ16mm，透明翻盖",{"$nulls":3},"个",20,null,null,{"v":15,"d":"15.00"},{"v":300,"d":"300.00"},null,2026.01]
[378,null,"急停按钮防护罩","55*55，孔径φ22mm，透明翻盖",{"$nulls":3},"个",20,null,null,{"v":15,"d":"15.00"},{"v":300,"d":"300.00"},null,2026.01]
[379,null,"防爆胶泥",{"$nulls":4},"Kg",50,null,null,{"v":55,"d":"55.00"},{"v":2750,"d":"2750.00"},null,2026.01]
[380,null,"热镀锌扁钢","宽度40mm，厚度4mm,6米/根",{"$nulls":3},"根",100,null,null,{"v":230,"d":"230.00"},{"v":23000,"d":"23000.00"},null,2026.01]
[381,null,"有毒气体报警器","型号：ISD2000ECD0051BP34NPT3SADCP2X 0-100ppm\n重庆金芯麦斯传感器技术有限公司",{"$nulls":3},"台",10,null,null,{"v":5200,"d":"5200.00"},{"v":52000,"d":"52000.00"},null,2026.01]
[382,null,"报警器探头","硫化氢；量程：0-100ppm\n重庆金芯麦斯传感器技术有限公司",{"$nulls":3},"个",10,null,null,{"v":2400,"d":"2400.00"},{"v":24000,"d":"24000.00"},null,2026.01]
[383,null,"报警器探头","一氧化碳；量程：0-100ppm\n重庆金芯麦斯传感器技术有限公司",{"$nulls":3},"个",10,null,null,{"v":2400,"d":"2400.00"},{"v":24000,"d":"24000.00"},null,2026.01]
[384,null,"报警器探头","氢气；量程：0-100%LEL\n重庆金芯麦斯传感器技术有限公司",{"$nulls":3},"个",10,null,null,{"v":2400,"d":"2400.00"},{"v":24000,"d":"24000.00"},null,2026.01]
[385,null,"报警器探头","甲烷；量程：0-100%LEL\n重庆金芯麦斯传感器技术有限公司",{"$nulls":3},"个",10,null,null,{"v":2400,"d":"2400.00"},{"$f":"L176*I176","v":{"v":24000,"d":"24000.00"}},null,2026.01]
[386,null,"报警器探头","氧气；量程：0-25%vol\n重庆金芯麦斯传感器技术有限公司",{"$nulls":3},"个",10,null,null,{"v":2400,"d":"2400.00"},{"v":24000,"d":"24000.00"},null,2026.01]
[387,null,"承插焊接取压截止阀","J61Y-420P,DN10，介质温度：525℃",{"$nulls":3},"个",10,null,null,{"v":4200,"d":"4200.00"},{"v":42000,"d":"42000.00"},null,2026.01]
[388,null,"磁浮子","UHZ-517C10LRD-1000;出厂编号：23070380-2；\n密度：1000kg/m3；\n额定压力：2.0mpa；额定温度：-20-100℃；\n上海星申仪表有限公司",{"$nulls":3},"个",1,null,null,{"v":1500,"d":"1500.00"},{"v":1500,"d":"1500.00"},null,2026.01]
[389,null,"磁浮子","UHZ-50/C,出厂编号：2307Y0736;\n密度：0.616g/cm3；\n安徽天康股份有限公司",{"$nulls":3},"个",1,null,null,{"v":1500,"d":"1500.00"},{"v":1500,"d":"1500.00"},null,2026.01]
[390,null,"磁浮子","UHZ-50/C,出厂编号：2307Y0738;\n密度：0.6594g/cm3；\n安徽天康股份有限公司",{"$nulls":3},"个",1,null,null,{"v":1500,"d":"1500.00"},{"v":1500,"d":"1500.00"},null,2026.01]
[391,null,"延长电缆","330130-080-00-CN；本特利",{"$nulls":3},"根",10,null,null,{"v":4850,"d":"4850.00"},{"v":48500,"d":"48500.00"},null,2026.01]
[392,null,"重型敲击扳手","34mm",{"$nulls":3},"把",2,null,null,{"v":200,"d":"200.00"},{"v":400,"d":"400.00"},null,2026.01]
[393,null,"硅酮免垫密封胶",{"$nulls":4},"盒",20,null,null,{"v":220,"d":"220.00"},{"v":4400,"d":"4400.00"},null,2026.01]
[394,null,"轴用卡簧钳","18寸",{"$nulls":3},"把",2,null,null,{"v":75,"d":"75.00"},{"v":150,"d":"150.00"},null,2026.01]
[395,null,"电动冲击钻","Bosch博世GBH4-32DFR、圆柄两坑两槽",{"$nulls":3},"台",1,null,null,{"v":5200,"d":"5200.00"},{"v":5200,"d":"5200.00"},null,2026.01]
[396,null,"消防专用钉","32#",{"$nulls":3},"个",500,null,null,{"v":1,"d":"1.00"},{"v":500,"d":"500.00"},null,2026.01]
[397,null,"电工胶带","九头鸟、黑色",{"$nulls":3},"卷",50,null,null,{"v":5.5,"d":"5.50"},{"v":275,"d":"275.00"},null,2026.01]
[398,null,"手持电动无刷往复锯","德力西、 BIM双金属150金属锯条4片、\n5.0Ah电池2个、快速座充充电器1个",{"$nulls":3},"套",1,null,null,{"v":660,"d":"660.00"},{"v":660,"d":"660.00"},null,2026.01]
[399,null,"中水单元保安过滤器滤芯","40\"，5μm，PP大流量折叠滤芯，外压式",{"$nulls":3},"支",32,null,null,{"v":165,"d":"165.00"},{"$f":"L190*I190","v":{"v":5280,"d":"5280.00"}},null,2026.01]
[400,null,"零排单元保安过滤器滤芯","40\"，5μm，PP大流量折叠滤芯，内压式",{"$nulls":3},"支",30,null,null,{"v":165,"d":"165.00"},{"v":4950,"d":"4950.00"},null,2026.01]
[401,null,"一级保安过滤器滤芯","∅150-1020-5us、加强型",{"$nulls":3},"支",96,null,null,{"v":165,"d":"165.00"},{"v":15840,"d":"15840.00"},null,2026.01]
[402,null,"二级保安过滤器滤芯","∅150-1020-5us、加强型",{"$nulls":3},"支",20,null,null,{"v":165,"d":"165.00"},{"v":3300,"d":"3300.00"},null,2026.01]
[403,null,"微孔过滤器滤芯","∅150-1020-5us、加强型",{"$nulls":3},"支",24,null,null,{"v":165,"d":"165.00"},{"v":3960,"d":"3960.00"},null,2026.01]
[404,null,"量筒","500毫升",{"$nulls":3},"个",4,null,null,{"v":55,"d":"55.00"},{"v":220,"d":"220.00"},null,2026.01]
[405,null,"钢丝软管","DN32加厚 带钢丝  50米/盘",{"$nulls":3},"盘",2,null,null,{"v":950,"d":"950.00"},{"v":1900,"d":"1900.00"},null,2026.01]
[406,null,"钢丝软管","DN25加厚 带钢丝  50米/盘",{"$nulls":3},"盘",2,null,null,{"v":750,"d":"750.00"},{"v":1500,"d":"1500.00"},null,2026.01]
[407,null,"钢丝软管","DN50加厚 带钢丝  50米/盘",{"$nulls":3},"盘",1,null,null,{"v":1280,"d":"1280.00"},{"v":1280,"d":"1280.00"},null,2026.01]
[408,null,"钢丝软管","DN75加厚 带钢丝",{"$nulls":3},"米",30,null,null,{"v":2000,"d":"2000.00"},{"v":60000,"d":"60000.00"},null,2026.01]
[409,null,"手持充电式电动角磨机","大艺牌 双电4.0Ah 5801S，配充电器、电池",{"$nulls":3},"台",1,null,null,{"v":750,"d":"750.00"},{"v":750,"d":"750.00"},null,2026.01]
[410,null,"不锈钢潜污泵","380V   流量60m³/h    扬程20m  ",{"$nulls":3},"台",2,null,null,{"v":12000,"d":"12000.00"},{"v":24000,"d":"24000.00"},null,2026.01]
[411,null,"潜水渣浆泵","380V 流量50m³ 扬程30m 配套带强制搅拌机*2",{"$nulls":3},"台",1,null,null,{"v":9000,"d":"9000.00"},{"v":9000,"d":"9000.00"},null,2026.01]
[412,null,"猫头吊","1t   配电动葫芦",{"$nulls":3},"台",3,null,null,{"v":350,"d":"350.00"},{"v":1050,"d":"1050.00"},null,2026.01]
[413,null,"空压机机油芯","WD13145、上海飞和",{"$nulls":3},"个",2,null,null,{"v":1100,"d":"1100.00"},{"v":2200,"d":"2200.00"},null,2026.01]
[414,null,"空气滤芯","32立方、上海飞和",{"$nulls":3},"个",1,null,null,{"v":1300,"d":"1300.00"},{"v":1300,"d":"1300.00"},null,2026.01]
[415,null,"油气分离器滤芯","32立方、上海飞和",{"$nulls":3},"个",1,null,null,{"v":7500,"d":"7500.00"},{"v":7500,"d":"7500.00"},null,2026.01]
[416,null,"螺栓松动剂",{"$nulls":4},"瓶",4,null,null,{"v":25,"d":"25.00"},{"v":100,"d":"100.00"},null,2026.01]
[417,null,"膜盒压力表","型号YE-100    径向测量范围：0～0.1MPa；测量精度：1.6\n连接形式：螺纹连接（M20×1.5）",{"$nulls":3},"块",2,null,null,{"v":340,"d":"340.00"},{"v":680,"d":"680.00"},null,2026.01]
[418,null,"不锈钢耐震\n压力表","型号YN-100    径向 测量范围：0～1.0MPa；测量精度：1.6\n连接形式：螺纹连接（M20×1.5）",{"$nulls":3},"块",6,null,null,{"v":240,"d":"240.00"},{"v":1440,"d":"1440.00"},null,2026.01]
[419,null,"不锈钢压力表","型号Y-100Z    轴向测量范围：0～1.6MPa；测量精度：1.6\n连接形式：螺纹连接（M20×1.5）",{"$nulls":3},"块",4,null,null,{"v":110,"d":"110.00"},{"v":440,"d":"440.00"},null,2026.01]
[420,null,"不锈钢压力表","型号YB-150    径向\n测量范围：0～1.6MPa；\n测量精度：1.6\n连接形式：螺纹连接（M20×1.5）",{"$nulls":3},"块",5,null,null,{"v":370,"d":"370.00"},{"v":1850,"d":"1850.00"},null,2026.01]
[421,null,"不锈钢压力表"," 型号YB-100   径向 测量范围：0～10MPa；连接形式：螺纹连接（M20×1.5）",{"$nulls":3},"块",3,null,null,{"v":190,"d":"190.00"},{"v":570,"d":"570.00"},null,2026.01]
[422,null,"双金属温度计","WSS-581   0~300℃\n尾长：190mm    测量精度：1.5\n螺纹连接（M27×2）",{"$nulls":3},"块",1,null,null,{"v":460,"d":"460.00"},{"v":460,"d":"460.00"},null,2026.01]
[423,null,"双金属温度计","WSS-581   0~400℃\n尾长：160mm    测量精度：1.5\n螺纹连接（M27×2）",{"$nulls":3},"块",1,null,null,{"v":460,"d":"460.00"},{"v":460,"d":"460.00"},null,2026.01]
[424,null,"双金属温度计","WSS-581   0~500℃\n尾长：60mm    测量精度：1.5\n螺纹连接（M27×2）",{"$nulls":3},"块",1,null,null,{"v":460,"d":"460.00"},{"v":460,"d":"460.00"},null,2026.01]
[425,null,"双金属温度计","WSS-581   0~600℃\n尾长：110mm    测量精度：1.5\n螺纹连接（M27×2）",{"$nulls":3},"块",3,null,null,{"v":460,"d":"460.00"},{"v":1380,"d":"1380.00"},null,2026.01]
[426,null,"排污切割潜水泵","WQ15-15-1.5\\流量15m³/h\\扬程15m\\功率1.5KW\n电压220V\\转速2900r/min\\口径2寸",{"$nulls":3},"台",1,null,null,{"v":1900,"d":"1900.00"},{"v":1900,"d":"1900.00"},null,2026.01]
[427,null,"机封水蛇皮水管","DN15、50米/盘",{"$nulls":3},"盘",1,null,null,{"v":750,"d":"750.00"},{"v":750,"d":"750.00"},null,2026.01]
[428,null,"管卡卡箍","17-19mm、23-25mm、26-28mm",{"$nulls":3},"个",150,null,null,{"v":5,"d":"5.00"},{"v":750,"d":"750.00"},null,2026.01]
[429,null,"铁丝","12#",{"$nulls":3},"公斤",10,null,null,{"v":7.5,"d":"7.50"},{"v":75,"d":"75.00"},null,2026.01]
[430,null,"铲雪橇带杆","长70cm加厚、宽28cm",{"$nulls":3},"把",10,null,null,{"v":45,"d":"45.00"},{"v":450,"d":"450.00"},null,2026.01]
[431,null,"德力西电动角磨机","7.5Ah  DLX-kc003手持式（两块电池）",{"$nulls":3},"个",1,null,null,{"v":349,"d":"349.00"},{"v":349,"d":"349.00"},null,2026.01]
[432,null,"破布","50斤/包",{"$nulls":3},"包",2,null,null,{"v":13.5,"d":"13.50"},{"v":27,"d":"27.00"},null,2026.01]
[433,null,"截止阀","DN25，ASME，B16.34 VJB7XH00-SCH160，\nBW 1500LB;A182-Gr.F91，\n厂家：上海自动化仪表有限公司",{"$nulls":3},"只",8,null,null,{"v":2500,"d":"2500.00"},{"v":20000,"d":"20000.00"},null,2026.01]
[434,null,"黑色胶皮管","DN32、50米/盘",{"$nulls":3},"盘",4,null,null,{"v":850,"d":"850.00"},{"v":3400,"d":"3400.00"},null,2026.01]
[435,null,"PVC钢丝软管","内径32mm、壁厚4mm、20米/盘",{"$nulls":3},"盘",1,null,null,{"v":750,"d":"750.00"},{"v":750,"d":"750.00"},null,2026.01]
[436,null,"镀锌铁丝","10号镀锌铁丝",{"$nulls":3},"公斤",300,null,null,{"v":7.5,"d":"7.50"},{"v":2250,"d":"2250.00"},null,2026.01]
[437,null,"头戴式矿灯","头戴式矿灯（配套安全帽使用），防爆",{"$nulls":3},"个",10,null,null,{"v":165,"d":"165.00"},{"v":1650,"d":"1650.00"},null,2026.01]
[438,null,"手提式矿灯","Led长续航（10小时）强光手提式矿灯，防爆",{"$nulls":3},"台",4,null,null,{"v":300,"d":"300.00"},{"v":1200,"d":"1200.00"},null,2026.01]
[439,null,"十字镐","把长400mm",{"$nulls":3},"把",5,null,null,{"v":75,"d":"75.00"},{"v":375,"d":"375.00"},null,2026.01]
[440,null,"十字镐","把长800mm",{"$nulls":3},"把",3,null,null,{"v":125,"d":"125.00"},{"v":375,"d":"375.00"},null,2026.01]
[441,null,"钢编蒸汽专用胶管","20-2.5Mpa   GB/T3683.2009",{"$nulls":3},"米",100,null,null,{"v":36,"d":"36.00"},{"v":3600,"d":"3600.00"},null,2026.01]
[442,null,"全不锈钢耐震\n弹簧压力表","表盘大小：Φ100mm；                                                                                                                                              测量范围：0～1.6MPa；                                精度等级：1.6；\n连接形式：螺纹连接（M20×1.5）",{"$nulls":3},"块",2,null,null,{"v":240,"d":"240.00"},{"v":480,"d":"480.00"},null,2026.01]
[443,null,"全不锈钢耐震\n弹簧压力表","表盘大小：Φ100mm；                                                                                                                                              测量范围：0～0.6MPa；                                精度等级：1.6；\n连接形式：螺纹连接（M20×1.5）",{"$nulls":3},"块",2,null,null,{"v":240,"d":"240.00"},{"v":480,"d":"480.00"},null,2026.01]
[444,null,"全不锈钢耐震\n弹簧压力表","表盘大小：Φ100mm；                                                                                                                                              测量范围：0～0.4MPa；                                精度等级：1.6；\n连接形式：螺纹连接（M20×1.5）",{"$nulls":3},"块",1,null,null,{"v":240,"d":"240.00"},{"v":240,"d":"240.00"},null,2026.01]
[445,null,"全不锈钢耐震\n弹簧压力表","表盘大小：Φ100mm；                                                                                                                                              测量范围：0～2.5MPa；                                精度等级：1.6；\n连接形式：螺纹连接（M20×1.5）",{"$nulls":3},"块",2,null,null,{"v":240,"d":"240.00"},{"v":480,"d":"480.00"},null,2026.01]
[446,null,"不锈钢压力表","型号Y-100   径向 耐震\n测量范围：0～2.5MPa；\n连接形式：螺纹连接（M20×1.5）\n精度等级：1.6",{"$nulls":3},"块",4,null,null,{"v":300,"d":"300.00"},{"v":1200,"d":"1200.00"},null,2026.01]
[447,null,"法兰隔膜压力表","型号：2020F180-31;表盘大小：φ100mm;\n测量范围：0-2.5Mpa;精度等级：1.6；\n连接形式：法兰连接（DN25,300LB），径向，耐震",{"$nulls":3},"个",4,null,null,{"v":540,"d":"540.00"},{"v":2160,"d":"2160.00"},null,2026.01]
[448,null,"法兰隔膜压力表","型号：2020F180-31;表盘大小：φ100mm;\n测量范围：0-1.6Mpa;精度等级：1.6；\n连接形式：法兰连接（DN25,150LB），径向，耐震",{"$nulls":3},"个",4,null,null,{"v":540,"d":"540.00"},{"v":2160,"d":"2160.00"},null,2026.01]
[449,null,"防爆胶泥","防爆型专用EX d，\n试用标准：GB 3836.2/IEC 60079-1",{"$nulls":3},"KG",30,null,null,{"v":55,"d":"55.00"},{"v":1650,"d":"1650.00"},null,2026.01]
[450,null,"电气绝缘胶带","九头鸟 黑色，25YD",{"$nulls":3},"卷",20,null,null,{"v":6,"d":"6.00"},{"v":120,"d":"120.00"},null,2026.01]
[451,null,"镀锌铁丝","10#",{"$nulls":3},"公斤",50,null,null,{"v":7.5,"d":"7.50"},{"v":375,"d":"375.00"},null,2026.01]
[452,null,"开口、梅花扳手","SATA世达 30/32/34/36/41",{"$nulls":3},"把",10,null,null,{"v":45,"d":"45.00"},{"v":450,"d":"450.00"},null,2026.01]
[453,null,"粘塑活动扳手","SATA世达 12寸 47252",{"$nulls":3},"把",5,null,null,{"v":65,"d":"65.00"},{"v":325,"d":"325.00"},null,2026.01]
[454,null,"内六角扳手","SATA世达 09105A \n铬钒钢加长球头内六角扳手套装9件",{"$nulls":3},"套",1,null,null,{"v":1125,"d":"1125.00"},{"v":1125,"d":"1125.00"},null,2026.01]
[455,null,"钢锯","SATA世达 93404 迷你型锯弓6寸",{"$nulls":3},"把",1,null,null,{"v":50,"d":"50.00"},{"v":50,"d":"50.00"},null,2026.01]
[456,null,"镀锌铁丝","10#",{"$nulls":3},"公斤",750,null,null,{"v":7.5,"d":"7.50"},{"v":5625,"d":"5625.00"},null,2026.01]
[457,null,"缝包线","S3x3   2kg/团 大红",{"$nulls":3},"kg",480,null,null,{"v":28,"d":"28.00"},{"v":13440,"d":"13440.00"},null,2026.01]
[458,null,"缝包线","S3x3   2kg/团   黑",{"$nulls":3},"kg",480,null,null,{"v":28,"d":"28.00"},{"v":13440,"d":"13440.00"},null,2026.01]
[459,null,"缝包线","S3x3   2kg/团   绿",{"$nulls":3},"kg",480,null,null,{"v":28,"d":"28.00"},{"v":13440,"d":"13440.00"},null,2026.01]
[460,null,"缝包线","S3x3   2kg/团   黄",{"$nulls":3},"kg",480,null,null,{"v":28,"d":"28.00"},{"v":13440,"d":"13440.00"},null,2026.01]
[461,null,"猪鬃刷","毛宽50mm",{"$nulls":3},"把",10,null,null,{"v":18,"d":"18.00"},{"v":180,"d":"180.00"},null,2026.01]
[462,null,"黄油枪","世达97204a手动黄油枪600cc",{"$nulls":3},"个",1,null,null,{"v":175,"d":"175.00"},{"v":175,"d":"175.00"},null,2026.01]
[463,null,"聚乙烯塑料普膜","宽度3000mm 厚度0.02mm 重量30kg/卷",{"$nulls":3},"吨",3,null,null,{"v":13800,"d":"13800.00"},{"$f":"L254*I254","v":{"v":41400,"d":"41400.00"}},null,2026.01]
[464,null,"手提缝包机","飞人牌GK9-600充电款",{"$nulls":3},"个",1,null,null,{"v":1000,"d":"1000.00"},{"v":1000,"d":"1000.00"},null,2026.01]
[465,null,"破布",{"$nulls":4},"kg",100,null,null,{"v":13.5,"d":"13.50"},{"v":1350,"d":"1350.00"},null,2026.01]
[466,null,"开口扳手","世达8*10mm",{"$nulls":3},"把",4,null,null,{"v":45,"d":"45.00"},{"v":180,"d":"180.00"},null,2026.01]
[467,null,"内六角扳手","世达 平头十件套",{"$nulls":3},"套",1,null,null,{"v":275,"d":"275.00"},{"v":275,"d":"275.00"},null,2026.01]
[468,null,"鱼珠胶","玉珠牌快干型万能胶2.2L/桶",{"$nulls":3},"桶",10,null,null,{"v":30,"d":"30.00"},{"v":300,"d":"300.00"},null,2026.01]
[469,null,"三元乙丙发泡条","厚10mm*宽25mm",{"$nulls":3},"米",150,null,null,{"v":5,"d":"5.00"},{"v":750,"d":"750.00"},null,2026.01]
[470,null,"小型手持式吸尘器",{"$nulls":4},"个",1,null,null,{"v":150,"d":"150.00"},{"v":150,"d":"150.00"},null,2026.01]
[471,null,"三联电子万用调温电炉","3*1000／125*125*3（可单独控制任意一个炉头）",{"$nulls":3},"台",1,null,null,{"v":370,"d":"370.00"},{"v":370,"d":"370.00"},null,2026.01]
[472,null,"直行冷凝管","24*29",{"$nulls":3},"个",5,null,null,{"v":100,"d":"100.00"},{"v":500,"d":"500.00"},null,2026.01]
[473,null,"盛奥华总氮专用试剂","SH-T84710",{"$nulls":3},"盒",5,null,null,{"v":1200,"d":"1200.00"},{"v":6000,"d":"6000.00"},null,2026.01]
[474,null,"盛奥华总磷专用试剂","SH-T64510",{"$nulls":3},"盒",5,null,null,{"v":1200,"d":"1200.00"},{"v":6000,"d":"6000.00"},null,2026.01]
[475,null,"克氏蒸馏头","75（一口二塞）；24*24*24",{"$nulls":3},"个",5,null,null,{"v":450,"d":"450.00"},{"v":2250,"d":"2250.00"},null,2026.01]
[476,null,"挡鼠板","内门框133.5cm，外门框141cm（不含踢脚线），\n门框宽3.5cm（不含踢脚线）",{"$nulls":3},"套",1,null,null,{"v":400,"d":"400.00"},{"v":400,"d":"400.00"},null,2026.01]
[477,null,"挡鼠板","内门框180cm，外门框195.5cm，门框宽8cm",{"$nulls":3},"套",1,null,null,{"v":400,"d":"400.00"},{"v":400,"d":"400.00"},null,2026.01]
[478,null,"挡鼠板","内门框133.5cm，外门框138.5cm，门框宽2cm",{"$nulls":3},"套",1,null,null,{"v":400,"d":"400.00"},{"v":400,"d":"400.00"},null,2026.01]
[479,null,"空压机润滑油","上海飞和、170kg/桶",{"$nulls":3},"桶",1,null,null,{"v":15550,"d":"15550.00"},{"v":15550,"d":"15550.00"},null,2026.01]
[480,null,"汽轮机油","L-TSA46、170kg/桶",{"$nulls":3},"桶",1,null,null,{"v":2900,"d":"2900.00"},{"v":2900,"d":"2900.00"},null,2026.01]
[481,null,"齿轮油","昆仑牌 L-CKC220 工业闭式齿轮油、170kg/桶",{"$nulls":3},"桶",2,null,null,{"v":2900,"d":"2900.00"},{"v":5800,"d":"5800.00"},null,2026.01]
[482,null,"通用锂基润滑脂","00号（GP-A）、15Kg/桶",{"$nulls":3},"桶",10,null,null,{"v":540,"d":"540.00"},{"v":5400,"d":"5400.00"},null,2026.01]
[483,null,"合成轴承齿轮循环油","3007L-N220、4.5Kg/桶",{"$nulls":3},"桶",8,null,null,{"v":750,"d":"750.00"},{"v":6000,"d":"6000.00"},null,2026.01]
[484,null,"空压机专用油","FHX-4000、17Kg/桶、上海飞和",{"$nulls":3},"桶",7,null,null,{"v":1050,"d":"1050.00"},{"v":7350,"d":"7350.00"},null,2026.01]
[485,null,"高温润滑脂","长城7014-1、高温润滑脂、1kg/桶",{"$nulls":3},"桶",10,null,null,{"v":320,"d":"320.00"},{"v":3200,"d":"3200.00"},null,2026.01]
[486,null,"钙基润滑油","昆仑牌3号、15kg/桶",{"$nulls":3},"桶",1,null,null,{"v":329,"d":"329.00"},{"v":329,"d":"329.00"},null,2026.01]
[487,null,"双头螺栓","M24*120",{"$nulls":3},"套",64,null,null,{"v":26,"d":"26.00"},{"v":1664,"d":"1664.00"},null,2026.01]
[488,null,"双头螺栓","M20*110",{"$nulls":3},"套",32,null,null,{"v":22,"d":"22.00"},{"v":704,"d":"704.00"},null,2026.01]
[489,null,"机械密封","HPA80-3400",{"$nulls":3},"套",1,null,null,{"v":6500,"d":"6500.00"},{"v":6500,"d":"6500.00"},null,2026.01]
[490,null,"铝翻边","DN50",{"$nulls":3},"只",30,null,null,{"v":100,"d":"100.00"},{"v":3000,"d":"3000.00"},null,2026.01]
[491,null,"铝管","Φ60X5",{"$nulls":3},"米",60,null,null,{"v":140,"d":"140.00"},{"v":8400,"d":"8400.00"},null,2026.01]
[492,null,"90°弯头","DN50",{"$nulls":3},"只",30,null,null,{"v":52,"d":"52.00"},{"v":1560,"d":"1560.00"},null,2026.01]
[493,null,"四氟带",{"$nulls":4},"卷",500,null,null,{"v":5,"d":"5.00"},{"v":2500,"d":"2500.00"},null,2026.01]
[494,null,"叶轮","LCP150-400,大连海特泵业有限公司",{"$nulls":3},"只",1,null,null,{"v":5000,"d":"5000.00"},{"v":5000,"d":"5000.00"},null,2026.01]
[495,null,"泵壳","LCP150-400,大连海特泵业有限公司",{"$nulls":3},"只",1,null,null,{"v":7500,"d":"7500.00"},{"v":7500,"d":"7500.00"},null,2026.01]
[496,null,"过滤器","LCP150-400,大连海特泵业有限公司",{"$nulls":3},"只",2,null,null,{"v":3200,"d":"3200.00"},{"v":6400,"d":"6400.00"},null,2026.01]
[497,null,"闸阀","Z41W-16P    DN250",{"$nulls":3},"只",1,null,null,{"v":15000,"d":"15000.00"},{"v":15000,"d":"15000.00"},null,2026.01]
[{"$nulls":3},"合计金额：",{"$nulls":8},{"v":920000,"d":"920000.00"}]
[498,null,"截止阀 \n"," J41W-16P   DN20  PN1.6  RF",{"$nulls":3},"只",8,null,null,{"v":650,"d":"650.00"},{"$f":"L290*I290","v":{"v":5200,"d":"5200.00"}},null,2026.01]
[499,null,"截止阀 \n"," J41W-16P   DN15  PN1.6  RF",{"$nulls":3},"只",6,null,null,{"v":580,"d":"580.00"},{"$f":"L291*I291","v":{"v":3480,"d":"3480.00"}},null,2026.01]
[500,null,"Y型保温截止阀","BJ4516PL   DN80/DN100",{"$nulls":3},"只",2,null,null,{"v":6500,"d":"6500.00"},{"$f":"L292*I292","v":{"v":13000,"d":"13000.00"}},null,2026.01]
[501,null,"金属缠绕垫","Φ200×Φ257  内钢圈",{"$nulls":3},"片",10,null,null,{"v":60,"d":"60.00"},{"$f":"L293*I293","v":{"v":600,"d":"600.00"}},null,2026.01]
[502,null,"金属缠绕垫","Φ15×Φ39  （不带钢圈）",{"$nulls":3},"片",40,null,null,{"v":3,"d":"3.00"},{"$f":"L294*I294","v":{"v":120,"d":"120.00"}},null,2026.01]
[503,null,"金属缠绕垫","Φ25×Φ55 （不带钢圈）",{"$nulls":3},"片",40,null,null,{"v":4,"d":"4.00"},{"$f":"L295*I295","v":{"v":160,"d":"160.00"}},null,2026.01]
[504,null,"金属缠绕垫","Φ40×Φ75   （不带钢圈）",{"$nulls":3},"片",40,null,null,{"v":5,"d":"5.00"},{"$f":"L296*I296","v":{"v":200,"d":"200.00"}},null,2026.01]
[505,null,"金属缠绕垫","Φ20×Φ50   （不带钢圈）",{"$nulls":3},"片",40,null,null,{"v":3.6,"d":"3.60"},{"$f":"L297*I297","v":{"v":144,"d":"144.00"}},null,2026.01]
[506,null,"金属缠绕垫","Φ50×Φ87     （不带钢圈）",{"$nulls":3},"片",40,null,null,{"v":6,"d":"6.00"},{"$f":"L298*I298","v":{"v":240,"d":"240.00"}},null,2026.01]
[507,null,"金属缠绕垫","Φ80×Φ120    （不带钢圈）",{"$nulls":3},"片",40,null,null,{"v":11,"d":"11.00"},{"$f":"L299*I299","v":{"v":440,"d":"440.00"}},null,2026.01]
[508,null,"金属缠绕垫","Φ50×Φ100     （不带钢圈）",{"$nulls":3},"片",40,null,null,{"v":7,"d":"7.00"},{"$f":"L300*I300","v":{"v":280,"d":"280.00"}},null,2026.01]
[509,null,"金属缠绕垫","Φ25×Φ65 （不带钢圈）",{"$nulls":3},"片",40,null,null,{"v":5,"d":"5.00"},{"$f":"L301*I301","v":{"v":200,"d":"200.00"}},null,2026.01]
[510,null,"封头","产品名称：二段空气加热器，产品编号：R150622,制造商：兰州华诚石化机械制造有限公司",{"$nulls":3},"件",2,null,null,{"v":1000,"d":"1000.00"},{"$f":"L302*I302","v":{"v":2000,"d":"2000.00"}},null,2026.01]
[511,null,"金属软管","DN80×940",{"$nulls":3},"件",4,null,null,{"v":1480,"d":"1480.00"},{"$f":"L303*I303","v":{"v":5920,"d":"5920.00"}},null,2026.01]
[512,null,"金属软管","DN80×900",{"$nulls":3},"件",2,null,null,{"v":1400,"d":"1400.00"},{"$f":"L304*I304","v":{"v":2800,"d":"2800.00"}},null,2026.01]
[513,null,"90°弯头","φ133*8 ",{"$nulls":3},"件",6,null,null,{"v":650,"d":"650.00"},{"$f":"L305*I305","v":{"v":3900,"d":"3900.00"}},null,2026.01]
[514,null,"联轴器","YPGLJ圆盘刮料机NY41800，临沂科威机械有限公司；\n圆盘收料螺旋减速机ZLY160-16-2D，\n泰星减速机股份有限公司,",{"$nulls":3},"套",2,null,null,{"v":960,"d":"960.00"},{"$f":"L306*I306","v":{"v":1920,"d":"1920.00"}},null,2026.01]
[515,null,"骨架油封","50*72*12",{"$nulls":3},"件",5,null,null,{"v":15,"d":"15.00"},{"$f":"L307*I307","v":{"v":75,"d":"75.00"}},null,2026.01]
[516,null,"橡胶接头"," DN200",{"$nulls":3},"个",3,null,null,{"v":390,"d":"390.00"},{"$f":"L308*I308","v":{"v":1170,"d":"1170.00"}},null,2026.01]
[517,null,"胶套","3寸89mm,133mm",{"$nulls":3},"件",20,null,null,{"v":45,"d":"45.00"},{"$f":"L309*I309","v":{"v":900,"d":"900.00"}},null,2026.01]
[518,null,"O型圈","Ф30×3.5",{"$nulls":3},"件",20,null,null,{"v":5,"d":"5.00"},{"$f":"L310*I310","v":{"v":100,"d":"100.00"}},null,2026.01]
[519,null,"O型圈","Ф57×3.5",{"$nulls":3},"件",20,null,null,{"v":10,"d":"10.00"},{"$f":"L311*I311","v":{"v":200,"d":"200.00"}},null,2026.01]
[520,null,"金属缠绕垫","Ф185×212×4.5",{"$nulls":3},"片",5,null,null,{"v":24,"d":"24.00"},{"$f":"L312*I312","v":{"v":120,"d":"120.00"}},null,2026.01]
[521,null,"金属缠绕垫","DN80-150LB",{"$nulls":3},"片",20,null,null,{"v":22,"d":"22.00"},{"$f":"L313*I313","v":{"v":440,"d":"440.00"}},null,2026.01]
[522,null,"金属缠绕垫","DN80-600LB",{"$nulls":3},"片",20,null,null,{"v":46,"d":"46.00"},{"$f":"L314*I314","v":{"v":920,"d":"920.00"}},null,2026.01]
[523,null,"金属缠绕垫","DN100-150LB",{"$nulls":3},"片",20,null,null,{"v":54,"d":"54.00"},{"$f":"L315*I315","v":{"v":1080,"d":"1080.00"}},null,2026.01]
[524,null,"金属缠绕垫","DN100-600LB",{"$nulls":3},"片",20,null,null,{"v":60,"d":"60.00"},{"$f":"L316*I316","v":{"v":1200,"d":"1200.00"}},null,2026.01]
[525,null,"闸阀","Z41Y-3\"-600LB,≦450℃,良工阀门有限公司",{"$nulls":3},"只",1,null,null,{"v":4000,"d":"4000.00"},{"$f":"L317*I317","v":{"v":4000,"d":"4000.00"}},null,2026.01]
[526,null,"闸阀","Z41Y-3/4\"-150LB,≦450℃,良工阀门有限公司",{"$nulls":3},"只",5,null,null,{"v":370,"d":"370.00"},{"$f":"L318*I318","v":{"v":1850,"d":"1850.00"}},null,2026.01]
[527,null,"闸阀","Z41Y-1½\"-150LB,≦450℃,良工阀门有限公司",{"$nulls":3},"只",4,null,null,{"v":800,"d":"800.00"},{"$f":"L319*I319","v":{"v":3200,"d":"3200.00"}},null,2026.01]
[528,null,"缠绕垫","代号：32294H-2，管箱垫片，C13-800-4.0-2A，\n厂家：兰州兰石重装",{"$nulls":3},"件",2,null,null,{"v":300,"d":"300.00"},{"v":600,"d":"600.00"},null,2026.01]
[529,null,"缠绕垫","代号：32294H-3，管箱侧垫片，C13-800-4.0，\n厂家：兰州兰石重装",{"$nulls":3},"件",2,null,null,{"v":300,"d":"300.00"},{"v":600,"d":"600.00"},null,2026.01]
[530,null,"闸阀","DZ41Y 2\"300LB，温度≤-46℃",{"$nulls":3},"只",3,null,null,{"v":2400,"d":"2400.00"},{"v":7200,"d":"7200.00"},null,2026.01]
[531,null,"闸阀","Z61Y 1\"800LB",{"$nulls":3},"只",3,null,null,{"v":390,"d":"390.00"},{"v":1170,"d":"1170.00"},null,2026.01]
[532,null,"排烟风机滤芯","VER4958KZ30A江苏威肯净化科技有限公司",{"$nulls":3},"只",20,null,null,{"v":2800,"d":"2800.00"},{"v":56000,"d":"56000.00"},null,2026.01]
[533,null,"隔膜组件","型号：MBOO90PR/9.M.X厂家：SUNRELAND",{"$nulls":3},"件",6,null,null,{"v":9000,"d":"9000.00"},{"v":54000,"d":"54000.00"},null,2026.01]
[534,null,"膜片联轴器","型号：FY6-29№36.5F，代号：HBG8310\n（Ф180×305/Ф150×255）-315，\n厂家：重庆通用工业（集团）有限责任公司",{"$nulls":4},1,null,null,{"v":56000,"d":"56000.00"},{"v":56000,"d":"56000.00"},null,2026.01]
[535,null,"定位轴承箱组","型号：FY6-29№36.5F，\n厂家：重庆通用工业（集团）有限责任公司",{"$nulls":4},1,null,null,{"v":45000,"d":"45000.00"},{"v":45000,"d":"45000.00"},null,2026.01]
[536,null,"滚动轴承","SKF 22332CC/W33，\n厂家：重庆通用工业（集团）有限责任公司",{"$nulls":4},2,null,null,{"v":20000,"d":"20000.00"},{"v":40000,"d":"40000.00"},null,2026.01]
[537,null,"轴端密封组Ф250","型号：FY6-29№36.5F，\n厂家：重庆通用工业（集团）有限责任公司",{"$nulls":4},2,null,null,{"v":4000,"d":"4000.00"},{"v":8000,"d":"8000.00"},null,2026.01]
[538,null,"非定位轴承箱组160","型号：FY6-29№36.5F，\n厂家：重庆通用工业（集团）有限责任公司",{"$nulls":4},1,null,null,{"v":45000,"d":"45000.00"},{"v":45000,"d":"45000.00"},null,2026.01]
[539,null,"水冷轴承箱底座组","型号：FY6-29№36.5F，\n厂家：重庆通用工业（集团）有限责任公司",{"$nulls":4},2,null,null,{"v":2000,"d":"2000.00"},{"v":4000,"d":"4000.00"},null,2026.01]
[540,null,"钢管","Ф57×5",{"$nulls":3},"米",24,null,null,{"v":45,"d":"45.00"},{"v":1080,"d":"1080.00"},null,2026.01]
[541,null,"钢管","Ф76×8",{"$nulls":3},"米",24,null,null,{"v":65,"d":"65.00"},{"v":1560,"d":"1560.00"},null,2026.01]
[542,null,"开孔器","直径Φ20，柄径Φ10",{"$nulls":3},"件",4,null,null,{"v":110,"d":"110.00"},{"v":440,"d":"440.00"},null,2026.01]
[543,null,"机械密封","泵型号：HE200-500   位号：180-P-1003A   \n产品编号：D22112486\n泵厂家：大连利欧华能泵业有限公司",{"$nulls":3},"套",2,null,null,{"v":3000,"d":"3000.00"},{"v":6000,"d":"6000.00"},null,2026.01]
[544,null,"机械密封","泵型号：HE200-500   位号：180-P-1007A   \n产品编号：D22112488\n泵厂家：大连利欧华能泵业有限公司",{"$nulls":3},"套",2,null,null,{"v":3000,"d":"3000.00"},{"v":6000,"d":"6000.00"},null,2026.01]
[545,null,"机械密封","泵型号：20LJYA-25  位号：170-P-1014  \n出厂编号：2212746\n泵厂家：江苏飞跃机泵集团有限公司",{"$nulls":3},"套",2,null,null,{"v":3000,"d":"3000.00"},{"v":6000,"d":"6000.00"},null,2026.01]
[546,null,"机械密封","泵型号：80GLZ-400B   位号：180-P-1004A   \n出厂编号：2212744\n泵厂家：江苏飞跃机泵集团有限公司",{"$nulls":3},"套",2,null,null,{"v":3000,"d":"3000.00"},{"v":6000,"d":"6000.00"},null,2026.01]
[547,null,"机械密封","泵型号：HEZ5007   位号：180-P-1011A   \n产品编号：D22111837\n泵厂家：大连利欧华能泵业有限公司",{"$nulls":3},"套",2,null,null,{"v":3000,"d":"3000.00"},{"v":6000,"d":"6000.00"},null,2026.01]
[548,null,"机械密封","泵型号：CSB-Wy1A-138/95  位号：170-P-1002A/B   \n泵厂家：北京航天石化技术装备工程有限公司",{"$nulls":3},"套",2,null,null,{"v":3000,"d":"3000.00"},{"v":6000,"d":"6000.00"},null,2026.01]
[549,null,"金属缠绕垫","220×170不带钢圈",{"$nulls":3},"片",4,null,null,{"v":26,"d":"26.00"},{"v":104,"d":"104.00"},null,2026.01]
[550,null,"金属缠绕垫","320×310不带钢圈",{"$nulls":3},"片",4,null,null,{"v":44,"d":"44.00"},{"v":176,"d":"176.00"},null,2026.01]
[551,null,"金属缠绕垫","150×110不带钢圈",{"$nulls":3},"片",4,null,null,{"v":14,"d":"14.00"},{"v":56,"d":"56.00"},null,2026.01]
[552,null,"金属缠绕垫","DN65 600LB",{"$nulls":3},"片",8,null,null,{"v":40,"d":"40.00"},{"v":320,"d":"320.00"},null,2026.01]
[553,null,"热过载继电器","LRN07N  1.6-2.5A",{"$nulls":3},"个",5,null,null,{"v":110,"d":"110.00"},{"v":550,"d":"550.00"},null,2026.01]
[554,null,"交流接触器","LC1N0901M5N",{"$nulls":3},"个",5,null,null,{"v":95,"d":"95.00"},{"v":475,"d":"475.00"},null,2026.01]
[555,null,"轴承","NSK6215DDU橡胶密封盖",{"$nulls":3},"盘",4,null,null,{"v":240,"d":"240.00"},{"v":960,"d":"960.00"},null,2026.01]
[556,null,"轴承","NSK6315DDU橡胶密封盖",{"$nulls":3},"盘",4,null,null,{"v":450,"d":"450.00"},{"v":1800,"d":"1800.00"},null,2026.01]
[557,null,"防摔插座","12孔3插位 （附防摔二插头、三插头各1只）",{"$nulls":3},"套",10,null,null,{"v":175,"d":"175.00"},{"v":1750,"d":"1750.00"},null,2026.01]
[558,null,"凡士林","100g",{"$nulls":3},"盒",6,null,null,{"v":10,"d":"10.00"},{"v":60,"d":"60.00"},null,2026.01]
[559,null,"电流变送器","JD194-BS4I\nAccuracy:0.5\nIput:AC0-5A\nOutput:DC4-20mA",{"$nulls":3},"只",2,null,null,{"v":500,"d":"500.00"},{"v":1000,"d":"1000.00"},null,2026.01]
[560,null,"直流电源","HS-500-36\n输入交流AC:220\n   输出直流DC:36V-13.8A",{"$nulls":3},"只",1,null,null,{"v":1200,"d":"1200.00"},{"v":1200,"d":"1200.00"},null,2026.01]
[561,null,"锂充电电池","1# D型 恒压1.5V  12000mWh  TYPE-C接口",{"$nulls":3},"节",8,null,null,{"v":35,"d":"35.00"},{"v":280,"d":"280.00"},null,2026.01]
[562,null,"接触器辅助触头","F4-22(2开2闭)   ",{"$nulls":3},"个",10,null,null,{"v":70,"d":"70.00"},{"v":700,"d":"700.00"},null,2026.01]
[563,null,"欧瑞变频器","型号：E1000-0300T3 功能代号：F1Y 输入：3PH   AC380V  50/60HZ  \n输出：0～AC380V  60A  30KW   0.5～650HZ",{"$nulls":3},"台",1,null,null,{"v":7500,"d":"7500.00"},{"v":7500,"d":"7500.00"},null,2026.01]
[564,null,"深圳台达重载变频器","输入电压：AC380V±5%   输出电压：3PH三相 输入频率：47Hz～63Hz  输出频率：0Hz～600Hz \n 功率：11KW  额定电流：25A",{"$nulls":3},"台",1,null,null,{"v":2400,"d":"2400.00"},{"v":2400,"d":"2400.00"},null,2026.01]
[565,null,"把手锁","MS308-3加厚螺母  低片/高片各3把  锌合金",{"$nulls":3},"把",6,null,null,{"v":190,"d":"190.00"},{"v":1140,"d":"1140.00"},null,2026.01]
[566,null,"免驱动220V投光灯LED灯芯","50W免驱带线 正白 带导热硅脂",{"$nulls":3},"片",30,null,null,{"v":75,"d":"75.00"},{"v":2250,"d":"2250.00"},null,2026.01]
[567,null,"防爆变频电机用通风机","型号：BG-280A    防爆标志：ExdbⅡBT4Gb 电压：AC380V  电流：1.12A 频率：50HZ 功率：370W   F级  1400r/min  \n风量：5500m3/h (不带外壳)",{"$nulls":3},"台",1,null,null,{"v":800,"d":"800.00"},{"v":800,"d":"800.00"},null,2026.01]
[568,null,"电机风帽","Y2-100   直径194mm  高度180mm灰色",{"$nulls":3},"个",4,null,null,{"v":320,"d":"320.00"},{"v":1280,"d":"1280.00"},null,2026.01]
[569,null,"有机玻璃","600×1000mm  厚3mm",{"$nulls":3},"张",10,null,null,{"v":400,"d":"400.00"},{"v":4000,"d":"4000.00"},null,2026.01]
[570,null,"马达保护器","ST570B3 AC380V 1-400A \n输入电源：AC85V-264V/DC90V-300V",{"$nulls":3},"套",1,null,null,{"v":7500,"d":"7500.00"},{"v":7500,"d":"7500.00"},null,2026.01]
[571,null,"变径接头","DN25挠性管接头变M20×1.5",{"$nulls":3},"个",20,null,null,{"v":25,"d":"25.00"},{"v":500,"d":"500.00"},null,2026.01]
[572,null,"高压柜保护压板","黄色 JY1-2",{"$nulls":3},"个",50,null,null,{"v":10,"d":"10.00"},{"v":500,"d":"500.00"},null,2026.01]
[573,null,"LED吸顶灯","型号：XHXDC01-18 色温：6500K 18W 220V佛山市福之照照明电器科技有限公司",{"$nulls":3},"个",30,null,null,{"v":15.5,"d":"15.50"},{"v":465,"d":"465.00"},null,2026.01]
[574,null,"高压油管","REHYU；DN3；W.P.630bar；\nB.P.1900bar；12462228；\n接头：M14*1.5--M16*2.0；长度1.5米",{"$nulls":3},"根",4,null,null,{"v":385,"d":"385.00"},{"v":1540,"d":"1540.00"},null,2026.01]
[575,null,"对夹式蝶阀","ACTORED A811-50G1-1NE6-PD ",{"$nulls":3},"台",1,null,null,{"v":6500,"d":"6500.00"},{"v":6500,"d":"6500.00"},null,2026.01]
[576,null,"加速器","YT-300N1",{"$nulls":3},"件",2,null,null,{"v":450,"d":"450.00"},{"v":900,"d":"900.00"},null,2026.01]
[577,null,"加速器","YT-320N3",{"$nulls":3},"件",2,null,null,{"v":2200,"d":"2200.00"},{"v":4400,"d":"4400.00"},null,2026.01]
[578,null,"雷达液位计","型号：DCRD1000B4；DN150PN1.6MPa；RF；\n介质：98%硝酸；常温常压",{"$nulls":3},"台",2,null,null,{"v":12900,"d":"12900.00"},{"v":25800,"d":"25800.00"},null,2026.01]
[579,null,"抗油污电磁阀","底板型；STTT1DN14_0005-4-C-1；AC220V；\n4位套组（消音器4个，堵头1个，PL8-02  1个，\nPC8-02  8个，汇流板1个，电磁阀4个）",{"$nulls":3},"套",2,null,null,{"v":4500,"d":"4500.00"},{"v":9000,"d":"9000.00"},null,2026.01]
[580,null,"气动调节阀","产品编号：20121023069；\n厂家：重庆川仪调节阀有限公司\n阀体、膜头、锁紧螺母、开缝螺母材质均为304",{"$nulls":3},"台",2,null,null,{"v":31220,"d":"31220.00"},{"v":62440,"d":"62440.00"},null,2026.01]
[581,null,"过滤器减压阀","  SMC   AW30-03-A；带配套压力表",{"$nulls":3},"件",3,null,null,{"v":105,"d":"105.00"},{"v":315,"d":"315.00"},null,2026.01]
[582,null,"振动探头","330106-05-30-02-CN；本特利",{"$nulls":3},"支",8,null,null,{"v":5700,"d":"5700.00"},{"v":45600,"d":"45600.00"},null,2026.01]
[583,null,"气控换向阀","DN50;常州科健电力设备",{"$nulls":3},"只",5,null,null,{"v":900,"d":"900.00"},{"v":4500,"d":"4500.00"},null,2026.01]
[584,null,"差压变送器","266DSHFSSA1A7V1EYLSB2TB12",{"$nulls":3},"台",1,null,null,{"v":45000,"d":"45000.00"},{"v":45000,"d":"45000.00"},null,2026.01]
[585,null,"差压变送器","266DSHHSSA1A7LSB1TB",{"$nulls":3},"台",1,null,null,{"v":45000,"d":"45000.00"},{"v":45000,"d":"45000.00"},null,2026.01]
[586,null,"热电阻","WZP-430P,Pt100，L=550*400，法兰连接，\nDN25 PN1.6MPa，套管直径φ16；",{"$nulls":3},"支",5,null,null,{"v":700,"d":"700.00"},{"v":3500,"d":"3500.00"},null,2026.01]
[587,null,"本质安全型接近开关","HG-NL3050-2M;温州市洞头华感电气有限公司",{"$nulls":3},"个",3,null,null,{"v":150,"d":"150.00"},{"v":450,"d":"450.00"},null,2026.01]
[588,null,"热偶","SBWR.T2.NN05/TS2(0~1300)K-XXXX+WRKK-5525-\n1HC3M-WH900C700T400-A1HG/T20592\n-2009-DN50-PN16-RF",{"$nulls":3},"支",10,null,null,{"v":7500,"d":"7500.00"},{"v":75000,"d":"75000.00"},null,2026.01]
[589,null,"振动传感器","Bently Nevada 177230-01-01-CN；带专用电缆5米",{"$nulls":3},"支",2,null,null,{"v":14500,"d":"14500.00"},{"v":29000,"d":"29000.00"},null,2026.01]
[590,null,"扁平吊带","1吨，3米",{"$nulls":3},"条",10,null,null,{"v":65,"d":"65.00"},{"v":650,"d":"650.00"},null,2026.01]
[591,null,"扁平吊带","2吨，3米",{"$nulls":3},"条",10,null,null,{"v":120,"d":"120.00"},{"$f":"L383*I383","v":{"v":1200,"d":"1200.00"}},null,2026.01]
[592,null,"扁平吊带","3吨，6米",{"$nulls":3},"条",10,null,null,{"v":350,"d":"350.00"},{"v":3500,"d":"3500.00"},null,2026.01]
[593,null,"扁平吊带","5吨，6米",{"$nulls":3},"条",10,null,null,{"v":520,"d":"520.00"},{"v":5200,"d":"5200.00"},null,2026.01]
[594,null,"双鸽手拉葫芦","1吨，3米",{"$nulls":3},"台",5,null,null,{"v":900,"d":"900.00"},{"v":4500,"d":"4500.00"},null,2026.01]
[595,null,"双鸽手拉葫芦","2吨，3米",{"$nulls":3},"台",5,null,null,{"v":1200,"d":"1200.00"},{"v":6000,"d":"6000.00"},null,2026.01]
[596,null,"双鸽手拉葫芦","3吨，3米",{"$nulls":3},"台",4,null,null,{"v":1500,"d":"1500.00"},{"v":6000,"d":"6000.00"},null,2026.01]
[597,null,"双鸽手拉葫芦","5吨，3米",{"$nulls":3},"台",4,null,null,{"v":2100,"d":"2100.00"},{"v":8400,"d":"8400.00"},null,2026.01]
[598,null,"切割片","绿色双网  100型",{"$nulls":3},"片",100,null,null,{"v":5,"d":"5.00"},{"v":500,"d":"500.00"},null,2026.01]
[599,null,"砂纸","60目",{"$nulls":3},"张",100,null,null,{"v":2,"d":"2.00"},{"v":200,"d":"200.00"},null,2026.01]
[600,null,"绝缘测试仪","VICTOR VC3127",{"$nulls":3},"台",2,null,null,{"v":1800,"d":"1800.00"},{"v":3600,"d":"3600.00"},null,2026.01]
[601,null,"活扳手","绿林 12.5寸",{"$nulls":3},"把",4,null,null,{"v":72,"d":"72.00"},{"v":288,"d":"288.00"},null,2026.01]
[602,null,"活扳手","绿林 10.5寸",{"$nulls":3},"把",4,null,null,{"v":56,"d":"56.00"},{"v":224,"d":"224.00"},null,2026.01]
[603,null,"活扳手","绿林 18.5寸",{"$nulls":3},"把",1,null,null,{"v":240,"d":"240.00"},{"v":240,"d":"240.00"},null,2026.01]
[604,null,"焊锡丝","Φ1.0mm  1Kg/卷",{"$nulls":3},"卷",3,null,null,{"v":320,"d":"320.00"},{"v":960,"d":"960.00"},null,2026.01]
[605,null,"焊锡丝","Φ2.0mm  1Kg/卷",{"$nulls":3},"卷",3,null,null,{"v":330,"d":"330.00"},{"v":990,"d":"990.00"},null,2026.01]
[606,null,"焊锡膏","助焊松香",{"$nulls":3},"盒",4,null,null,{"v":24,"d":"24.00"},{"v":96,"d":"96.00"},null,2026.01]
[607,null,"LED指示灯","AD16-22D/S  ACDC220V  ≤20mA 红色",{"$nulls":3},"个",20,null,null,{"v":28,"d":"28.00"},{"v":560,"d":"560.00"},null,2026.01]
[608,null,"LED指示灯","AD16-22D/S  ACDC220V  ≤20mA 绿色",{"$nulls":3},"个",20,null,null,{"v":28,"d":"28.00"},{"v":560,"d":"560.00"},null,2026.01]
[609,null,"硅酮免垫密封胶",{"$nulls":4},"盒",20,null,null,{"v":110,"d":"110.00"},{"v":2200,"d":"2200.00"},null,2026.01]
[610,null,"柱销弹性圈","尺寸：Ф22×Ф41×24，\n泵型号：KCP200X150-315\n厂家：广东肯富来泵业有限公司",{"$nulls":3},"件",50,null,null,35,{"$f":"L402*I402","v":{"v":1750,"d":"1750.00"}}]
[611,null,"暖气弯头","DN80 外径89国标8163 SCH20",{"$nulls":3},"件",20,null,null,65,{"v":1300,"d":"1300.00"}]
[612,null,"机械密封","型号：150ZXL140-45-45上海泉顿阀门",{"$nulls":3},"件",2,null,null,520,{"v":1040,"d":"1040.00"}]
[613,null,"油箱底部支座","型号：Etassiny FC 100-315.1 \n沃图水泵（上海）有限公司江苏分公司，带螺栓",{"$nulls":3},"套",2,null,null,7500,{"v":15000,"d":"15000.00"}]
[614,null,"机械密封","HB80-65-60柳州酸王",{"$nulls":3},"件",2,null,null,5500,{"v":11000,"d":"11000.00"}]
[615,null,"疏水阀","ATV6-1B6 品牌Ackam 供热蒸汽疏水阀更换",{"$nulls":3},"只",15,null,null,3500,{"v":52500,"d":"52500.00"}]
[616,null,"联轴器及其膜片","ASP5040-50-450，三联泵业",{"$nulls":3},"套",2,null,null,7500,{"v":15000,"d":"15000.00"}]
[617,null,"焊接截止阀","VJB8T400 1-½\" 2500LB 温度540℃\n力锻集团",{"$nulls":3},"只",10,null,null,9500,{"v":95000,"d":"95000.00"}]
[618,null,"截止阀","VJR3FBOO  1-½\" 300LB 温度540℃ \n带螺栓和缠绕垫、力锻集团",{"$nulls":3},"只",10,null,null,2100,{"v":21000,"d":"21000.00"}]
[619,null,"截止阀","VJR2AAOO  1-½\" 150LB 温度425℃ \n带螺栓和缠绕垫、力锻集团",{"$nulls":3},"只",10,null,null,580,{"v":5800,"d":"5800.00"}]
[620,null,"截止阀","VJR4FBOO  1-½\" 600LB 温度530℃\n带螺栓和缠绕垫、力锻集团",{"$nulls":3},"只",10,null,null,2400,{"v":24000,"d":"24000.00"}]
[621,null,"截止阀","J41Y-150LBC DN65 150LB \n带螺栓和缠绕垫、立信阀门",{"$nulls":3},"只",4,null,null,1450,{"v":5800,"d":"5800.00"}]
[{"$nulls":3},"合计金额：",{"$nulls":8},{"v":1100000,"d":"1100000.00"}]
["主管领导：",{"$nulls":5},"部室负责人：",{"$nulls":6},"制表："]